Los Ejecutivos de las transnacionales: de trabajadores de altos ingresos a capitalistas en relación de dependencia /
Kaydedildi:
| Yazar: | |
|---|---|
| Materyal Türü: | Metin |
| Konular: | |
| Etiketler: |
Etiketle
Etiket eklenmemiş, İlk siz ekleyin!
|
MARC
| LEADER | 00000 a a2200000 04500 | ||
|---|---|---|---|
| 001 | 10678 | ||
| 003 | |||
| 040 | |||
| 100 | |a López Ruiz, Osvaldo | ||
| 245 | |a Los Ejecutivos de las transnacionales: |b de trabajadores de altos ingresos a capitalistas en relación de dependencia / |c Osvaldo López Ruiz | ||
| 650 | |a EMPRESAS TRANSNACIONALES | ||
| 650 | |a EMPRESARIOS | ||
| 650 | |a CAPITALISMO | ||
| 650 | |a TRABAJO | ||
| 773 | |g número 179; páginas 45-58 | ||
| 999 | |c 31532 |d 31532 | ||
